000 01355nam a2200241 a 4500
008 120416s2003 ||||||||||||||||| || u
020 _a9210163575
050 _aUNECE(08)ENERG
110 _aUnited Nations Economic Commission for Europe (UNECE)
245 1 0 _aGuidelines on reforming energy pricing and subsidies
_cby United Nations Economic Commission for Europe (UN-ECE)
246 _aPrincipes directeurs concernant la refonte de la tarification et du subventionnement de l'âenergie
246 _aRukovodëiìashchie prinëtìsipy reformirovaniëiìa ëtìsenoobrazovaniëiìa na çenergiëiìu i subsidiæi v çenergetike
260 _aNew York:
_bUnited Nations
_c2003
300 _av, 74p.
350 _a0.00
490 _aThe ECE energy series, 1014-7225
490 _vno. 21
500 _aAt head of title: Economic Commission for Europe = Commission âeconomique pour l'Europe = Evropeæiskaëiìa çekonomicheskaëiìa komissiëiìa. -At top of t.p.: ECE/CEP/121, ECE/ENERGY/54. -"Sales No. E/F.R.03.II.E.52"--T.p. verso.
650 _aPOWER RESOURCES--PRICES
650 _aSUBSIDIES
710 _aMinisterial Conference "Environment for Europe" (5th : 2003 : Kiev, Ukraine)
995 _D0.00
_FCBU-MAIN LIBRARY (Kitwe)
_H1
_I0.00
_M1
_UAVAILABLE
_ZInternational Publications
999 _c45182
_d45182